000 00437nam a2200109Ia 4500
008 160712s9999 xx 000 0 und d
100 _aLos Banos, Jessica A.
245 _cJessica A. Los Banos,
_aBanking Industry Structure and Economic Activities: A Regional Approach for the Philippines
260 _c2012
_bPhilippine Management Review
650 _xMANAGEMENT
856 _uhttp://journals.upd.edu.ph/index.php/pmr/issue/view/248/showToc
999 _c297457
_d297457